Freie Musikgemeinschaften alter Zeit im mitteldeutschen Raum. (Record no. 6976)

MARC details
000 -LEADER
fixed length control field 00816cam a22002291 4500
001 - CONTROL NUMBER
control field af 50000156
003 - CONTROL NUMBER IDENTIFIER
control field DLC
005 - DATE AND TIME OF LATEST TRANSACTION
control field 20260227110920.0
008 - FIXED-LENGTH DATA ELEMENTS--GENERAL INFORMATION
fixed length control field 760331s1940 xx a 001 0 ger c
010 ## - LIBRARY OF CONGRESS CONTROL NUMBER
LC control number af 50000156
035 ## - SYSTEM CONTROL NUMBER
System control number (OCoLC)2083062
040 ## - CATALOGING SOURCE
Original cataloging agency New York Public Library
Transcribing agency NPurU
Modifying agency DLC
050 00 - LIBRARY OF CONGRESS CALL NUMBER
Classification number ML275
Item number .W5
082 ## - DEWEY DECIMAL CLASSIFICATION NUMBER
Classification number 780.943
100 1# - MAIN ENTRY--PERSONAL NAME
Personal name Werner, Arno,
Dates associated with a name 1865-1955.
245 10 - TITLE STATEMENT
Title Freie Musikgemeinschaften alter Zeit im mitteldeutschen Raum.
Statement of responsibility, etc. Im Auftrage des Oberbürgermeisters hrsg. vom Kulturamt der Händelstadt Halle.
260 ## - PUBLICATION, DISTRIBUTION, ETC.
Place of publication, distribution, etc. Wolfenbüttel,
Name of publisher, distributor, etc. G. Kallmeyer,
Date of publication, distribution, etc. 1940.
300 ## - PHYSICAL DESCRIPTION
Extent 60 p.
Other physical details illus.
Dimensions 25cm.
440 #0 - SERIES STATEMENT/ADDED ENTRY--TITLE
Title Schriftenreihe des Händelhauses in Halle,
Volume/sequential designation Heft 7
500 ## - GENERAL NOTE
General note "Literatur- und Fundstellennachweis": p. 55-56.
650 #0 - SUBJECT ADDED ENTRY--TOPICAL TERM
Topical term or geographic name entry element Music
Geographic subdivision Germany
General subdivision History and criticism.

No items available.

Powered by Koha